000 00342nam a22001097a 4500
005 20251108175511.0
008 250721s9999 xx 000 0 ara d
245 1 0 _aنصائح تربوية للاطفال (2) في المدرسة /
264 1 _aحلب :
_bدار القلم العربي للاطفال،
942 _2ddc
_cBK
999 _c135593
_d135593